Kiss It Kiss It - Renee Rapp (All Lyrics) - Statistics

General Stats
  • This quiz has been taken 89 times
  • The average score is 285 of 348
Answer Stats
Lyrics % Correct
a
100%
I
100%
me
98%
on
95%
the
95%
to
95%
it
93%
it,
93%
it"
93%
And
92%
and
92%
like
92%
Like
92%
her
90%
her,
90%
kiss
90%
you
90%
your
90%
I'm
88%
told
88%
come
86%
Come
86%
girl
86%
met
86%
gonna
85%
if
85%
No,
85%
that
85%
"You're
85%
You're
85%
back
83%
bedroom
83%
East
83%
kill
83%
my
83%
floor"
81%
"Hot
81%
took
81%
asked
80%
breakfast
80%
But
80%
but
80%
from
80%
Got
80%
how
80%
in
80%
it's
80%
know
80%
out
80%
She
80%
side
78%
Carolina
76%
Damn
76%
friends
76%
God,
76%
God
76%
hair
76%
let
76%
now
76%
valley
76%
ass
75%
baby
75%
dead
75%
disrespect
75%
hours
75%
later
75%
of
75%
think
75%
we
75%
can't,
73%
pull
73%
said
73%
so
73%
tears,
73%
almost
71%
are
71%
don't
71%
Goddamn,
71%
goddamn,
71%
goddamn
71%
little
71%
not
71%
or
71%
rodeo
71%
seein'
71%
stars,
71%
Top
71%
way
71%
about
69%
because
69%
close
69%
made
69%
sad
69%
(Sad)
69%
thing
69%
two
69%
all
68%
callin'
68%
came
68%
mean,
68%
mornin',
68%
trippin'
68%
though
66%
forty
64%
mind
64%
is
63%
Talkin'
63%
at
61%
right
61%
borin',
59%
hard
59%
looked
58%
(Ah)
56%
(Yeehaw)
51%
with
36%
have
32%
before
27%
(Mm)
27%
Might
24%
bury
22%
(Woo)
17%
live
14%
No matching quizzes found
Score Distribution
Percent of People with Each Score
Percentile by Number Answered
Your Score History
You have not taken this quiz